000 00533nam a2200217Ia 4500
003 OSt
005 20220924134954.0
006 a|||||r|||| 00| 0
007 ta
008 220923b |||||||| |||| 00| 0 ben d
024 _a288030
037 _cTextual
040 _aARTS
_cARTS
_bben
041 _2ben
_aben
082 _aDelta2y7M72, 157K7
100 _aRoy
_9120881
245 0 _aYugashi Shri Arabinda
260 _c1967
942 _hDelta2y7M72, 157K7
_cTEXL
_2CC
999 _c439270
_d439270